00528nam a22001937a 450000500170000001000130001702000110003003500130004103700160005404000120007008200130008210000190009524500590011426000260017327000430019930000210024265000300026365000410029320170124110101.0 aA-423481 c100.00 aA-423481 bCen Lib/Ret aDPLbEN a921bEVA aEvans, Richard aVijay Amritraj :cby Richard Evansban autobiography / aCalcuttabRupa c1990 bCalcuttaa15 Bankim Chatterjeee700073 a315p. c22cm(Hb) aAmritraj, Vijay, -- 1953- aTennis players -- India -- Biography